| 000 | 00604 a2200217 4500 | ||
|---|---|---|---|
| 001 | 15916 | ||
| 999 |
_c15916 _d7979 |
||
| 003 | TR-AnTOB | ||
| 005 | 20211005132054.0 | ||
| 008 | 110118s1983 tu 000 0 | ||
| 041 | _atur | ||
| 050 |
_aK52.T9 _bA48 1983 |
||
| 090 | _aREF K52.T9 A48 1983 | ||
| 100 | 1 |
_aAltay, Şakir _96661 |
|
| 245 | 0 |
_aAçıklamalı hukuk ve sosyal bilimler sözlüğü / _cŞakir Altay. |
|
| 264 | 1 |
_aAnkara : _bBilgi Yayınevi, _c1983 |
|
| 300 |
_a501 p. ; _c21 cm. |
||
| 650 | 7 |
_aSosyal Bilimler _vSözlükler _2etuturkob _96663 |
|
| 650 | 7 |
_aHukuk _vSözlükler _2etuturkob _96662 |
|
| 902 | _a0005185 | ||
| 942 | _cREF | ||